Stanovení stupně ohrožení malých povodí větrnou a vodní erozí a odtoky z přívalových srážek = Specification of the level of threat to small river catchments posed by wind and water erosion and rainfall runoff : zkrácená verze habilitační práce /

Hlavní autor: Doležal, Petr, 1961 březen 25.-
Korporativní autor: Vysoké učení technické v Brně. Ústav vodního hospodářství krajiny
Jazyk: Čeština
Vydáno: Brno : VUTIUM, 2009
Edice: Vědecké spisy Vysokého učení technického v Brně. Habilitační a inaugurační spisy, sv. 300
Témata:
Fyzický popis: 39 s. : il., mapy ; 24 cm
Language note: Anglické resumé
Knihy
Uloženo v:
LEADER 02820nam a2200637 a 4500
001 nkc20091857104
003 CZ PrNK
005 20100308094131.0
007 ta
008 090219s2009 xr ab f m 000 0 cze
015 |a cnb001857104 
020 |a 978-80-214-3837-8  |q (brož.) 
035 |a (OCoLC)455841741 
040 |a BOA001  |b cze 
041 0 |a cze  |b eng 
072 7 |a 556  |x Hydrologie  |2 Konspekt  |9 7 
080 |a 551.311.21  |2 MRF 
080 |a 551.311.3.053  |2 MRF 
080 |a 556.524  |2 MRF 
080 |a 556.51  |2 MRF 
080 |a 556.16  |2 MRF 
080 |a (043.5)  |2 MRF 
080 |a (048.3)  |2 MRF 
100 1 |a Doležal, Petr,  |d 1961 březen 25.-  |7 jo2009523675  |4 dis 
245 1 0 |a Stanovení stupně ohrožení malých povodí větrnou a vodní erozí a odtoky z přívalových srážek =  |b Specification of the level of threat to small river catchments posed by wind and water erosion and rainfall runoff : zkrácená verze habilitační práce /  |c Petr Doležal 
246 3 1 |a Specification of the level of threat to small river catchments posed by wind and water erosion and rainfall runoff 
260 |a Brno :  |b VUTIUM,  |c 2009 
300 |a 39 s. :  |b il., mapy ;  |c 24 cm 
490 1 |a Vědecké spisy Vysokého učení technického v Brně. Habilitační a inaugurační spisy,  |x 1213-418X ;  |v sv. 300 
500 |a "Obor - Vodní hospodářství a vodní stavby, Brno, 2008-12-04" 
500 |a Zkrácená verze habilitační práce (Ph.D.)--Vysoké učení technické v Brně, Fakulta stavební, Ústav vodního hospodářství krajiny, 2009 
504 |a Obsahuje bibliografii 
546 |a Anglické resumé 
650 0 7 |a vodní eroze  |7 ph127158  |2 czenas 
650 0 7 |a větrná eroze  |7 ph192868  |2 czenas 
650 0 7 |a povodí  |7 ph124446  |2 czenas 
650 0 7 |a malé vodní toky  |7 ph115213  |2 czenas 
650 0 7 |a odtok vody  |7 ph136880  |2 czenas 
650 0 9 |a water erosion  |2 eczenas 
650 0 9 |a wind erosion  |2 eczenas 
650 0 9 |a watersheds  |2 eczenas 
650 0 9 |a small watercourses  |2 eczenas 
650 0 9 |a runoff  |2 eczenas 
655 7 |a habilitační práce  |7 fd185153  |2 czenas 
655 7 |a teze  |7 fd133701  |2 czenas 
655 7 |a habilitační práce  |7 fd185153  |2 czenas 
655 9 |a abstracts  |2 eczenas 
710 2 |a Vysoké učení technické v Brně.  |b Ústav vodního hospodářství krajiny  |7 kn20010709202 
810 2 |a Vysoké učení technické v Brně.  |t Vědecké spisy.  |p Habilitační a inaugurační spisy  |0 s 
910 2 |a BOA001  |b 2-1226.071 
928 9 |a Vysoké učení technické v Brně 
990 |a BK 
995 |a 01 
991 |b 200907  |c NOV 
996 6 |b 2610383075  |c 2-1226.071  |l MZK  |r Sklad / do 1 hodiny  |n 7  |p p.v.  |w 000945978  |u 000010  |a 1  |e BOA001  |j MZK50  |s P 
996 7 |b 2610383076  |c 2-1226.071  |l MZK  |r Sklad / do 1 hodiny  |n 14  |p p.v.  |w 000945978  |u 000020  |a 1  |e BOA001  |j MZK50  |s A